00525nam a22001697a 450000500170000001000120001702000260002903700200005508200080007510000250008324500630010826000600017127000630023130000200029494200220031499900190033620260301160255.0 aBACEN26 a9789390974627c350.00 bPancy Publisher a000 aArya, Sanjeev987974 aDSSSB TGT-PGT-PRT Previous Papers:bCommon Paper Part-1st/ aDelhibSports Publication Publisher & Distributorc2024 a7/26, Ground Floor, Ansari Road, Darya GanjbDelhie110002 a373p.c27cm(pb) 2ddccENh000mARY c215003d215003